000 00601nam a22002177a 4500
003 BUBTL
008 231231b ||||| |||| 00| 0 eng d
020 _a9789848792094
041 _aEnglish
082 _21st ed.
_a347.052/ H2757o/ 2016
100 _94226
_aHassan, Mehedi
245 _aOutlines of the Limitation Act/
_bMehedi Hassan
250 _a1st ed.
260 _aDhaka
_bShams Publications
_cc2016
300 _a[22], 336 p. :
_bill. ; 21 cm.
526 _aLaw
650 0 _92104
_aLaw
856 _k0
_l0
_yDownload
942 _2ddc
_cBK
999 _c7185
_d7185